000 00741nam a2200229Ia 4500
003 BUBTL
008 151213s9999 xx 000 0 und d
020 _a0-07-303935-7
082 _a510.5
_bLIB
100 _aDouglas A.Lind , Robert D. Moson & William G. Marchall
245 _aBasic statistics for business & economies
_cDouglas A.Lind , Robert D. Moson & William G. Marchall
250 _a3rd
260 _aIrwin Mc Graw Hill
_bBoston
_c2000
300 _a[xx] , 564p . :
_bTable ; 23cm .
500 _aIncludes Index .
650 _aStatistics
650 _aStatistics
700 _aDouglas A.Lind , Robert D. Moson & William G. Marchall
856 _k0
_l0
_yDownload
942 _2ddc
_cBK
999 _c1241
_d1241